Hitler... or Mussolini? - Statistics

General Stats
  • This quiz has been taken 237 times
  • The average score is 10 of 15
Answer Stats
Question Answer % Correct
Was born in a different country to the one he later led Hitler
98%
Committed suicide Hitler
96%
Led his country in WW2 Both
95%
Worked as a journalist Mussolini
91%
Was in an alliance with Joseph Stalin (and attacked him later) Hitler
90%
Was already leading in 1925 Mussolini
90%
His country was part of the Axis Both
89%
Had several first names Mussolini
88%
Led fascism Mussolini
57%
Died in 1945 Both
55%
Was in prison Both
47%
Presented himself as a modest person Both
40%
Was a soldier in WW1 Both
38%
Governed a puppet state Mussolini
36%
His parents worked in the customs service Hitler
32%
No matching quizzes found
Score Distribution
Percent of People with Each Score
Percentile by Number Answered
Your Score History
You have not taken this quiz